000 00618nam a2200193 i 4500
001 26931
003 ES-MaACL
005 20230906153528.0
007 t|
008 030113s1973 sp ||||1| spa d
100 1 _aAsenjo Sedano, José.
_923568
245 1 0 _aImpresiones, recuerdos de un paisaje
_b: (Andalucía tierras altas) /
_cJosé Asenjo Sedano.
260 _aSevilla :
_bUniversidad de Sevilla,
_c1973.
300 _a64 p., 10 lám. ;
_c19 cm.
490 1 _aColección de bolsillo ;
_v12
830 0 _aColección de bolsillo ;
_v12
_9177598
852 _aES-MaACL
_jC-53356
_bR.85180
999 _c26931
_d26931